Authorware 5 Attain authorized (Record no. 61840)
[ view plain ]
| 000 -LEADER | |
|---|---|
| fixed length control field | 00668nam a22002057a 4500 |
| 003 - CONTROL NUMBER IDENTIFIER | |
| control field | NUST-PNEC |
| 005 - DATE AND TIME OF LATEST TRANSACTION | |
| control field | 20170116180733.0 |
| 008 - FIXED-LENGTH DATA ELEMENTS--GENERAL INFORMATION | |
| fixed length control field | 141119b xxu||||| |||| 00| 0 eng d |
| 020 ## - INTERNATIONAL STANDARD BOOK NUMBER | |
| International Standard Book Number | 020135411X |
| 040 ## - CATALOGING SOURCE | |
| Transcribing agency | PNEC |
| 082 ## - DEWEY DECIMAL CLASSIFICATION NUMBER | |
| Classification number | 006.6 KEL |
| 100 ## - MAIN ENTRY--PERSONAL NAME | |
| 9 (RLIN) | 1003 |
| Personal name | Kellogg Orson |
| 245 ## - TITLE STATEMENT | |
| Title | Authorware 5 Attain authorized |
| Statement of responsibility, etc. | Orson Kellogg |
| 260 ## - PUBLICATION, DISTRIBUTION, ETC. | |
| Place of publication, distribution, etc. | Berkeley, CA : |
| Name of publisher, distributor, etc. | Macromedia Press, |
| Date of publication, distribution, etc. | c1999. |
| 300 ## - PHYSICAL DESCRIPTION | |
| Extent | ix, 437 p. : |
| Other physical details | ill. ; |
| Dimensions | 25 cm. |
| 500 ## - GENERAL NOTE | |
| General note | Includes index. |
| 650 ## - SUBJECT ADDED ENTRY--TOPICAL TERM | |
| General subdivision | MIS, Computer |
| 856 ## - ELECTRONIC LOCATION AND ACCESS | |
| Uniform Resource Identifier | <a href="http://www.amazon.com/Authorware-5-Attain-Authorized-2nd/dp/020135411X/ref=sr_1_1?ie=UTF8&qid=1416377224&sr=8-1&keywords=020135411X">http://www.amazon.com/Authorware-5-Attain-Authorized-2nd/dp/020135411X/ref=sr_1_1?ie=UTF8&qid=1416377224&sr=8-1&keywords=020135411X</a> |
| 942 ## - ADDED ENTRY ELEMENTS (KOHA) | |
| Source of classification or shelving scheme | |
| Koha item type | Book |
| Withdrawn status | Lost status | Source of classification or shelving scheme | Damaged status | Not for loan | Permanent Location | Current Location | Shelving location | Date acquired | Source of acquisition | Cost, normal purchase price | Total Checkouts | Full call number | Barcode | Date last seen | Cost, replacement price | Price effective from | Koha item type |
|---|---|---|---|---|---|---|---|---|---|---|---|---|---|---|---|---|---|
| Pakistan Navy Engineering College (PNEC) | Pakistan Navy Engineering College (PNEC) | 09/30/2000 | - | 475.00 | 006.6 KEL | PNECLIB-022821 | 11/19/2014 | 475.00 | 09/30/2000 | Book | |||||||
| Pakistan Navy Engineering College (PNEC) | Pakistan Navy Engineering College (PNEC) | 09/30/2000 | Reference Grant | 415.00 | 006.6 KEL | PNECLIB-022817 | 11/20/2014 | 415.00 | 09/30/2000 | Book | |||||||
| Pakistan Navy Engineering College (PNEC) | Pakistan Navy Engineering College (PNEC) | 09/30/2000 | - | 0.00 | 006.6 KEL | PNECLIB-022819 | 12/08/2014 | 0.00 | 09/30/2000 | Book | |||||||
| Pakistan Navy Engineering College (PNEC) | Pakistan Navy Engineering College (PNEC) | 09/30/2000 | - | 415.00 | 006.6 KEL | PNECLIB-022820 | 12/08/2014 | 415.00 | 09/30/2000 | Book | |||||||
| Pakistan Navy Engineering College (PNEC) | Pakistan Navy Engineering College (PNEC) | 09/30/2000 | - | 475.00 | 006.6 KEL | PNECLIB-022822 | 12/09/2014 | 475.00 | 09/30/2000 | Book |
